Einfuehrung in die Medienpaedagogik : Aufwachsen im Medienzeitalter

Saved in:
Bibliographic Details
Main Author: Moser, Heinz
Format: Book
Language:German
Published: Opladen : Leske, 1999
Edition:2. aufl.
Subjects:
Tags: Add Tag
No Tags, Be the first to tag this record!

MARC

LEADER 00000nam a2200000 i 4500
001 1/104267
008 000309s1999 ger d
020 |a 3-8100-2163-6 
035 |l 10058775 
040 |a GR-MY-UA  |b gre  |e aacr 
041 0 |a ger 
082 0 |a 304.207 
100 1 |a Moser, Heinz. 
245 1 0 |a Einfuehrung in die Medienpaedagogik :  |b Aufwachsen im Medienzeitalter /  |c Heinz Moser 
250 |a 2. aufl. 
260 |a Opladen :   |b Leske,   |c 1999 
300 |a 290 p. 
504 |a Includes biliographical references and index. 
650 0 0 |a Human ecology  |x Study and teaching  |z Germany. 
852 |a INST  |b RHODES  |e 20000309  |h 304.207 MOS  |p 005400014947  |q 005400014947  |t BK  |y 0 
901 |a BIBL4-2000-1 
909 |a Ρ  |b 065766 
922 |a 4ΕΛΗ  |b 199905  |c ΚΠΣ/154  |d LEADER BOOKS 
970 |z 2000/03/09